The South China sea arbitration/ (Record no. 364298)
[ view plain ]
| 000 -LEADER | |
|---|---|
| fixed length control field | 00419nam a2200133Ia 4500 |
| 008 - FIXED-LENGTH DATA ELEMENTS--GENERAL INFORMATION | |
| fixed length control field | 200918s9999 xx 000 0 und d |
| 020 ## - INTERNATIONAL STANDARD BOOK NUMBER | |
| International Standard Book Number | 978-971-5556-613 |
| 100 ## - MAIN ENTRY--PERSONAL NAME | |
| Personal name | Robles, Alfredo Jr. C. |
| 245 ## - TITLE STATEMENT | |
| Statement of responsibility, etc | Alfredo C. Robles Jr. |
| Title | The South China sea arbitration/ |
| 260 ## - PUBLICATION, DISTRIBUTION, ETC. (IMPRINT) | |
| Place of publication, distribution, etc | Chicago: |
| Name of publisher, distributor, etc | Sussex Academic Press |
| Date of publication, distribution, etc | 2018 |
| 300 ## - PHYSICAL DESCRIPTION | |
| Extent | xxiii, 335 pages |
| Dimensions | 24 cm. |
| 650 ## - SUBJECT ADDED ENTRY--TOPICAL TERM | |
| Topical term or geographic name as entry element | International law |
| 650 ## - SUBJECT ADDED ENTRY--TOPICAL TERM | |
| Topical term or geographic name as entry element | Maritime boundaries |
| Withdrawn status | Lost status | Source of classification or shelving scheme | Damaged status | Home library | Current library | Shelving location | Date acquired | Source of acquisition | Total Checkouts | Full call number | Barcode | Date last seen | Price effective from | Koha item type |
|---|---|---|---|---|---|---|---|---|---|---|---|---|---|---|
| Library of Congress Classification | College Library | College Library | Filipiniana Section | 09/18/2020 | Donation | KZA 1692 .R666 2018 | C22476 | 09/18/2020 | 09/18/2020 | Books |